000 00959nac a22002897a 4500
001 BR8204263
003 BR-BrBNA
005 20240105115428.0
008 230509b bl.|||m| |||| 00| 0 por d
040 _aBR-BrBNA
_bpor
_cBiblioteca Nacional de Agricultura
072 _aH10
090 _a0230 BR8204263
100 1 _aPoltronieri, L.S.
100 1 _aCosta, M.S.
110 1 _aUnidade de Execucao de Pesquisa de Ambito Estadual de Altamira, PA (Brasil)
_910343
245 1 _aOcorrencia de brocas da cana-de-acucar na Transamazonica, Para [Saccharum officinarum, Brasil]
260 3 _aAltamira, PA (Brasil):
_c1982.
300 _a14 p.
490 _aDocumentos - Unidade de Execucao de Pesquisa de Ambito Estadual de Altamira (Brazil)
_vno. 6
_x
500 _a15 ref.
650 _aCANA DE ACUCAR
650 _aBROCA
650 _aTRANSAMAZONICA
650 _aPARA
909 _a202312
_bLúcia Elande
_c55
_dLúcia Elande
942 _2AGRIS
_n0
_cMS
999 _c274773
_d274773